Score 0/15 Timer 01:00
4 Plays Today
% Correct
Prejudice
97%
Smith
96.9%
City
96.7%
Goblet
96.7%
Crashers
96.4%
Mountain
96%
Guide
96%
Luck
95.8%
% Correct
Worlds
95.8%
Revenge
95.5%
Line
95.5%
Begins
95.3%
Geisha
94.3%
Yard
94.1%
Violence
91.2%

Today's Daily Dose

You're not logged in!

Compare scores with friends on all Sporcle quizzes.
OR
Log In

Sporcle TV

Today on Sporcle TV


Watch our educational content, quiz creation guides, and fun videos on Sporcle TV.

Show Comments

Extras

Top Quizzes Today


Score Distribution

Paid Content

Your Account Isn't Verified!

In order to create a playlist on Sporcle, you need to verify the email address you used during registration. Go to your Sporcle Settings to finish the process.

Report this User

Report this user for behavior that violates our Community Guidelines.

Details: